| 000 | 01355nam a2200289 i 4500 | ||
|---|---|---|---|
| 001 | 17614 | ||
| 003 | ES-MaACL | ||
| 005 | 20240209162444.0 | ||
| 007 | t| | ||
| 008 | 010409s2000 sp ||||1| spa d | ||
| 020 | _a84-8121-853-7 | ||
| 080 | _a821.134.2.09"18/19"(063) | ||
| 111 | 2 |
_aCongreso Internacional Literatura Modernista y Tiempo del 98 ( _d1998. _cLugo) _9472 |
|
| 245 | 1 | 0 |
_aLiteratura modernista y tiempo del 98 _b: actas del Congreso Internacional, Lugo, 17 al 20 de noviembre de 1998 / _cedición a cargo de Javier Serrano Alonso ... [et al.]. |
| 260 |
_aSantiago de Compostela : _bUniversidade de Santiago de Compostela, Servicio de Publicacións e Intercambio Científico, _c2000. |
||
| 300 |
_a543 p. ; _c24 cm. |
||
| 490 | 1 |
_aCursos e congresos da Universidade de Santiago de Compostela ; _v125 |
|
| 530 | _aDisponible en formato digital. | ||
| 546 | _aTextos en castellano y gallego. | ||
| 650 |
_aModernismo (Literatura)- _zEspaña- _vCongresos y asambleas. _915133 |
||
| 700 | 1 |
_aSerrano Alonso, Javier, _d1962- _9105728 |
|
| 710 | 2 |
_aUniversidad de Santiago de Compostela. _97294 |
|
| 830 | 1 |
_aCursos e congresos da Universidade de Santiago de Compostela ; _v125 _9228729 |
|
| 852 |
_aES-MaACL _jL-24553 |
||
| 856 |
_uhttp://hdl.handle.net/10347/8766 _zUniversidade de Santiago de Compostela |
||
| 999 |
_c17614 _d17614 |
||